Langman's Medical Embryology. (Record no. 480)

MARC details
000 -LEADER
fixed length control field 00934cam a22003138a 4500
001 - CONTROL NUMBER
control field 15307250
003 - CONTROL NUMBER IDENTIFIER
control field OSt
005 - DATE AND TIME OF LATEST TRANSACTION
control field 20180321194413.0
008 - FIXED-LENGTH DATA ELEMENTS--GENERAL INFORMATION
fixed length control field 080522s2009 mdu b 001 0 eng
010 ## - LIBRARY OF CONGRESS CONTROL NUMBER
LC control number 2008022591
020 ## - INTERNATIONAL STANDARD BOOK NUMBER
International Standard Book Number 9780781790697
035 ## - SYSTEM CONTROL NUMBER
System control number (DNLM)101474712
040 ## - CATALOGING SOURCE
Original cataloging agency DNLM/DLC
Transcribing agency DLC
Modifying agency DLC
042 ## - AUTHENTICATION CODE
Authentication code pcc
050 00 - LIBRARY OF CONGRESS CALL NUMBER
Classification number QM601
Item number .L35 2009
060 10 - NATIONAL LIBRARY OF MEDICINE CALL NUMBER
Classification number QS 604
Item number S126L 2009
082 00 - DEWEY DECIMAL CLASSIFICATION NUMBER
Classification number QS 604 S15l 2010
Edition number 22
100 1# - MAIN ENTRY--PERSONAL NAME
Personal name Sadler, T. W.; Langman, Jan.
9 (RLIN) 436
245 10 - TITLE STATEMENT
Title Langman's Medical Embryology.
250 ## - EDITION STATEMENT
Edition statement 11th ed.
260 ## - PUBLICATION, DISTRIBUTION, ETC. (IMPRINT)
Place of publication, distribution, etc. Baltimore;
Name of publisher, distributor, etc. Lippincott William & Wilkins,
Date of publication, distribution, etc. c2010
263 ## - PROJECTED PUBLICATION DATE
Projected publication date 0811
300 ## - PHYSICAL DESCRIPTION
Extent p. ;
Dimensions cm.
504 ## - BIBLIOGRAPHY, ETC. NOTE
Bibliography, etc Includes bibliographical references and index.
650 #0 - SUBJECT ADDED ENTRY--TOPICAL TERM
Topical term or geographic name as entry element Human embryology
9 (RLIN) 1280
856 41 - ELECTRONIC LOCATION AND ACCESS
Materials specified Table of contents only
Uniform Resource Identifier http://www.loc.gov/catdir/toc/ecip0819/2008022591.html
906 ## - LOCAL DATA ELEMENT F, LDF (RLIN)
a 7
b rix
c orignew
d 1
e ecip
f 20
g y-gencatlg
942 ## - ADDED ENTRY ELEMENTS (KOHA)
Source of classification or shelving scheme Other/Generic Classification Scheme
Koha item type Short Loan
Holdings
Withdrawn status Lost status Source of classification or shelving scheme Damaged status Not for loan Home library Current library Date acquired Source of acquisition Inventory number Total Checkouts Full call number Barcode Date last seen Koha item type
    Other/Generic Classification Scheme     MUST Main Library MUST Main Library 22/09/2014   11/33350   QS 604 S15l 2010 2014-2894 22/09/2014 Short Loan